Datum a čas kvízu
47.5
Celkem bodů
Celkový počet nahraných bodů na tomto kvízu bez doplňovacích otázek.
2.
Pořadí na kvízu
Konečné umístění týmu na tomto kvízu.
Zaznamenané odpovědi
| # | Otázka | Odpověď | Body | Výsledky |
|---|---|---|---|---|
| 1. | Která společnost začala minulý... | Foodora | 1 | |
| 2. | Vydavatelství Oxford Universit... | C | 1 | |
| 3. | Spousta z vás si jistě minulý... | Bad Bunny | 1 | |
| 4. | Který asijský stát oznámil, že... | Čína | 1 | |
| 5. | V neděli jsme se dozvěděli jmé... | Lando Norris, 3. místo | 1 | |
| 6. | Jak jinak začít toto téma, než... | žlutý trpaslík | 1 | |
| 7. | Další otázku věnujme Zemi. Jed... | 6378 km | 1 | |
| 8. | Nyní se podíváme na planety, c... | Uran; Venuše | 1 | |
| 9. | Na řadě je rychlost planet. Co... | B | 1 | |
| 10. | Přiřaďte názvy těchto čtyř pla... | 1B; 2D; 3C; 4A | 1 |